Valorant de A à Z - Statistiques

Statistiques générales
  • Ce quiz a été pris 2 063 fois
  • Le résultat moyen est 17 sur 25
Statistiques - réponses
Lettre Indices Réponses % Correct
C Agent français s'appelant Vincent Fabron, ayant un sniper puissant en guise d'ultime Chamber
97%
G Pistolet silencieux obtenable pour 500 crédits Ghost
94%
J Duelliste sud-coréenne utilisant principalement le vent ainsi que des kunais Jett
94%
D Sentinelle norvégienne hurlant "Mon territoire, mes règles !" quand elle utilise son ultime Deadlock
92%
F Agente d'origine turque jouant avec les cauchemars et la peur Fade
92%
K Sentinelle allemande équipée de tourelles et en couple avec Raze Killjoy
92%
N Duelliste philippine courant très vite et est très familière avec l'électricité Neon
92%
O Sniper puissant, l'équivalent de l'AWP de Counter Strike Operator
92%
S Bombe que les attaquants doivent faire exploser Spike
92%
A Créature de Gekko pouvant poser le spike ou étourdir un ennemi Altego
91%
I Deuxième meilleur rank du jeu, allant de 1 à 3 Immortal
91%
P Fusil automatique muni d'un silencieux extrêmement utilisé coûtant 2900 crédits Phantom
91%
L Map en Inde avec des portes tournantes, portant le nom d'une plante aquatique Lotus
90%
V Chimiste américaine de classe "Contrôleur" utilisant du poison contre ses adversaires Viper
89%
Y Duelliste japonais dont le nom veut dire en japonais "Nuit" Yoru
83%
H Temple dans la capitale du Bhoutan, map ayant 3 sites de bombe Haven
82%
B Île mystérieuse dans le triangle des Bermudes, c'est la sixième map du jeu Breeze
79%
R Groupe d'individus possédant des capacités surnaturelles comprenant notamment Reyna, Clove ou encore Omen Radiant
57%
M Organisation française créée par Zerator étant très présente sur Valorant Mandatory
45%
W Endroit spécial présent dans certaines maps, désigne souvent une ouverture dans un mur qui offre une vue dégagée sur une zone en contre-bas Window
38%
E Compétence de Sova, qui lui permet de tirer une flèche électrique Electroflèche
25%
T Nom de l'ultime de Jett, qui lui donne une fois activé 5 kunais qu'elle peut utiliser un par un ou alors utiliser les 5 d'un coup Tempête de Lames
14%
Z Organisation jouant en VCL France et affiliée à la Karmine Corp ZERANCE
14%
X Ancien joueur pro sur CS:GO, il joue actuellement pour DVM en VCL France xms
9%
U Capacité ultime de Neon, lui permettant de tirer un éclair du bout de ses doigts Ultra Vitesse
8%
Aucun quiz correspondant
Distribution des résultats
% des personnes avec chaque résultat
Percentile par nombre de réponses
Votre historique - résultats
Vous n’avez pas pris ce quiz